| 000 | 00347nam a2200133Ia 4500 | ||
|---|---|---|---|
| 008 | 221030s9999 xx 000 0 und d | ||
| 041 | _aEnglish | ||
| 082 |
_a105.23 _bSpe |
||
| 100 | _aNoel Jerke | ||
| 245 | 4 |
_aThe Complete Reference Visual Basic 6 _cby Noel Jerke |
|
| 260 |
_bCBS Pub _aNew Delhi _c1994 |
||
| 650 | _aCSE Departmental | ||
| 942 | _cBK | ||
| 999 |
_c4788 _d4788 |
||